Sanitary and phyto-sanitary barriers to trade and its impact on the environment : (Record no. 25326)

MARC details
000 -LEADER
fixed length control field 01390cam a2200349 a 4500
001 - CONTROL NUMBER
control field 13969117
003 - CONTROL NUMBER IDENTIFIER
control field BDDh-ASL
005 - DATE AND TIME OF LATEST TRANSACTION
control field 20231015030457.0
008 - FIXED-LENGTH DATA ELEMENTS--GENERAL INFORMATION
fixed length control field 050114s2004 bg a bs i000 0 eng
010 ## - LIBRARY OF CONGRESS CONTROL NUMBER
LC control number 2004312728
020 ## - INTERNATIONAL STANDARD BOOK NUMBER
International Standard Book Number 9847290229
025 ## - OVERSEAS ACQUISITION NUMBER
Overseas acquisition number B-E-2004-312728; 22
035 ## - SYSTEM CONTROL NUMBER
System control number (DLC) 2004312728
037 ## - SOURCE OF ACQUISITION
Source of stock number/acquisition Library of Congress -- New Delhi Overseas Office
Terms of availability Tk275.00
040 ## - CATALOGING SOURCE
Original cataloging agency DLC
Transcribing agency DLC
Modifying agency DLC
-- BDDh-ASL
042 ## - AUTHENTICATION CODE
Authentication code lcode
043 ## - GEOGRAPHIC AREA CODE
Geographic area code a-bg---
050 00 - LIBRARY OF CONGRESS CALL NUMBER
Classification number SH380.62.B3
Item number H37 2004
082 ## - DEWEY DECIMAL CLASSIFICATION NUMBER
Classification number 363.72
Item number SAN
100 1# - MAIN ENTRY--PERSONAL NAME
Personal name Haque, A. K. Enamul.
245 10 - TITLE STATEMENT
Title Sanitary and phyto-sanitary barriers to trade and its impact on the environment :
Remainder of title the case of shrimp farming in Bangladesh /
Statement of responsibility, etc. principal researcher, A.K. Enamul Haque ; research team, Md. Faisal Deen Arif, Shahzia Mohsin Khan, A.S. Moniruzzaman Khan ; project coordinator, Ainun Nishat.
260 ## - PUBLICATION, DISTRIBUTION, ETC.
Place of publication, distribution, etc. Dhaka :
Name of publisher, distributor, etc. IUCN-The World Conservation Union, Bangladesh Country Office,
Date of publication, distribution, etc. 2004.
300 ## - PHYSICAL DESCRIPTION
Extent 63 p. :
Other physical details ill. ;
Dimensions 25 cm.
504 ## - BIBLIOGRAPHY, ETC. NOTE
Bibliography, etc. note Includes bibliographical references (p. 55-63).
700 1# - ADDED ENTRY--PERSONAL NAME
Personal name Arif, Md. Faisal Deen.
700 1# - ADDED ENTRY--PERSONAL NAME
Personal name Khan, Shahzia Mohsin.
700 1# - ADDED ENTRY--PERSONAL NAME
Personal name Khan, A. S. Moniruzzaman.
710 2# - ADDED ENTRY--CORPORATE NAME
Corporate name or jurisdiction name as entry element IUCN--The World Conservation Union.
Subordinate unit Bangladesh Country Office.
906 ## - LOCAL DATA ELEMENT F, LDF (RLIN)
a 7
b cbc
c origode
d 3
e ncip
f 20
g y-gencatlg
942 ## - ADDED ENTRY ELEMENTS (KOHA)
Source of classification or shelving scheme Dewey Decimal Classification
Koha item type Books
Holdings
Withdrawn status Lost status Source of classification or shelving scheme Damaged status Not for loan Collection code Home library Current library Shelving location Date acquired Source of acquisition Total Checkouts Full call number Barcode Date last seen Copy number Price effective from Koha item type
    Dewey Decimal Classification     Non-fiction Asiatic Society Library Asiatic Society Library General Stacks 06/29/2021 Donated by Encyclopedia of Flora & Fauna of Bangladesh   363.72 SAN 110070 06/29/2021 C-1 06/29/2021 Books

Powered by Koha